| 000 | 01533cam a2200205 4500 | ||
|---|---|---|---|
| 001 | L136004 | ||
| 008 | 070102n2006 000 0 eng u | ||
| 035 | _a(Sirsi) u136004 | ||
| 041 | 0 | _aeng | |
| 050 | 0 | 4 | _a627.4 $2 18 |
| 110 | 1 |
_aUnited Kingdom _bDepartment for Environment, Food and Rural Affairs |
|
| 245 | 0 | 0 |
_aConsultation on outcome measures and prioritisation approaches for flood and coastal erosion risk management _h[electronic resource] |
| 260 |
_aLondon _bDEFRA _c2006 |
||
| 505 | _aSummary of proposals and questions -- Background to the performance framework -- Outcome measure definitions -- Transitional arrangements -- Approach to setting targets -- Options for prioritisation -- Annex A: outcome measure definitions -- Annex B: prioritisation trialling -- Annex C: current prioritisation system -- Annex D: partial regulatory impact assessment (RIA) -- Annex E: organisations approached in this consultation -- Annex F: the government's six consultation criteria. | ||
| 520 | _aAims to engage with all those who have an interest in developing Outcome Measures and prioritisation approaches for flood and coastal erosion risk management. A linked consultation on appraisal policy guidance is expected to be launched early in 2007. | ||
| 651 | 4 |
_aUnited Kingdom _y |
|
| 690 | _aENVIRONMENTAL AND LAND CONSULTANCY-WATER RESOURCE MANAGEMENT-FLOODING | ||
| 856 | 4 | 0 |
_uhttps://www.defra.gov.uk/corporate/consult/fm-outcomes/index.htm _zView the consultation paper free of charge at www.defra.gov.uk... |
| 942 | _n0 | ||
| 999 |
_c106283 _d106283 |
||